1878 1671 1942 1917 1645 1921 1808 1907 1107 1589 1750 1656 1884 1253 1931 1757 1023 1386 1600 1837 1807 1610 1699 1774 1352 1599 1729 1333 1793 1174 1131 1532 1359 1120 1221 1204 1716 1643 1331 1221 1779 1784 1075 1120 1705 1592 1226 1992 1041 1544 1070 1291 1563 1200 1350 1577 1242 1636 1479 1186 1050 1019 1903 1863 1123 1208 1155 1979 1432 1613 1600 1910 1551 1160 1302 1213 1126 1630 1244 1975 1899 1561 1681 1773 1719 1894 1576 1161 1350 1156 1669 1005 1603 1825 1128 1214 1981 1081 1314 BCNSPRNW ULIB Ver.6.0+V

เปลี่ยนเป็นภาษาไทย

Change to English
 แสดงรายละเอียดบรรณานุกรม
  กลับหน้าหลัก

Brief Record : Get Marc (ISO 2709) : E-mail record : QR code < ปิดหน้าต่าง
LEADER : 00000nam 2200000uu 4500
001    13399127728
003     ULIB
008    210511s2563||||th 000 0 tha d
020    ^a9786169354802
060 04 ^aWC515^bส869Q
100 0  ^aสุวพร อนุกูลเรืองกิตติ์
245 00 ^aQ&A ไขปัญหา "ไข้หวัดใหญ่"/^cสุวพร อนุกูลเรืองกิตติ์
250    ^aพิมพ์ครั้งที่ 1
260    ^aกรุงเทพฯ : ^bมูลนิธิส่งเสริมการศึกษา ไข้หวัดใหญ่,^c2563.
300    ^a71 หน้า :^bภาพประกอบ; ^c16 ซม.
650  7 ^aไข้หวัดใหญ่^xการป้องกันและควบคุม^xไขปัญหา
650  7 ^aวัคซีนไข้หวัดใหญ่
945    ^p90^l0^i28885
945    ^p90^l0^i28886
945    ^p90^l0^i28887
945    ^p90^l0^i28888
945    ^p90^l0^i28889
999    ^aกัณชพร จุลอักษร
รายการนี้ยังไม่มีแท็ก
คุณยังไม่ได้ล็อกอิน คุณสามารถมีกิจกรรมร่วมกับเว็บไซต์ได้ แต่ต้องล็อกอินก่อน ::
  ล็อกอิน

รายการสื่อสารสนเทศ

ลำดับที่ ประเภท เลขเรียก/บาร์โค้ด สถานที่ สถานะ
1. หนังสือสำรอง
หนังสือสำรอง
WC515 ส869Q ฉ.1 
  Barcode: 28885
ห้องสมุดวิทยาเขตนครสวรรค์
►หนังสือทั่วไป:l:General Books
บนชั้น
2. วิทยาศาสตร์การแพทย์ และสุขภาพ
วิทยาศาสตร์การแพทย์ และสุขภาพ
WC515 ส869Q ฉ.2 
  Barcode: 28886
ห้องสมุดวิทยาเขตนครสวรรค์
►หนังสือทั่วไป:l:General Books
บนชั้น
3. วิทยาศาสตร์การแพทย์ และสุขภาพ
วิทยาศาสตร์การแพทย์ และสุขภาพ
WC515 ส869Q ฉ.3 
  Barcode: 28887
ห้องสมุดวิทยาเขตนครสวรรค์
►หนังสือทั่วไป:l:General Books
บนชั้น
4. วิทยาศาสตร์การแพทย์ และสุขภาพ
วิทยาศาสตร์การแพทย์ และสุขภาพ
WC515 ส869Q ฉ.4 
  Barcode: 28888
ห้องสมุดวิทยาเขตนครสวรรค์
►หนังสือทั่วไป:l:General Books
บนชั้น
5. วิทยาศาสตร์การแพทย์ และสุขภาพ
วิทยาศาสตร์การแพทย์ และสุขภาพ
WC515 ส869Q ฉ.5 
  Barcode: 28889
ห้องสมุดวิทยาเขตนครสวรรค์
►หนังสือทั่วไป:l:General Books
บนชั้น

รายการใกล้เคียง
    ผู้แต่ง [สุวพร อนุกูลเรืองกิตติ์]

    หัวเรื่อง [วัคซีนไข้หวัดใหญ่]

BibComment


ยังไม่เคยถูกคอมเมนท์

คอมเมนท์ทรัพยากรรายการนี้
  คอมเมนท์: QA ไขปัญหา ไข้หว..


 Copyright 2026. Bcnsprnw @Library